=LDR 00000nam 2200000 4500 =001 000956 =005 20250712013708 =035 ##$$a 0010-0725000835 =007 ta =008 250712################a##########0#ind## =020 ##$$a 978-623-307-343-4 =082 ##$$a 398. 209 598 =084 ##$$a 398. 209 598 MAH h =100 #$$a Mahajan, Shals =245 1#$$a Hari Istimewa Untuk Roda Kecil /$c Shals Mahajan =250 ##$$a Cetakan Pertama =260 ##$$a Jakarta Timur :$b Badan Pengembangan dan Pembinaan Bahasa,$c 2024 =300 ##$$a 24 hlm. : $b Ilus. ; $c 21 cm =650 #4$$a Cerita anak Indonesia-Terjemahan =650 #4$$a Literasi-Bahan Bacaan =990 ##$$a TBM202400638